000 00717nam a22002057a 4500
001 129906
003 ES-SlBCS
005 20260309095226.0
008 260309b ||||| |||| 00| 0 spa d
017 _aM 24078-2022
020 _a978-84-8440-841-3
040 _aES-SlBCS
_bspa
_dES-SlBCS
100 1 _aPreciado Sáez de Ozcariz - Badiola Sáenz de Ugarte, José Antonio - Allende Bravo, Fernando
_9429373
245 1 _aSomos lo que damos. Somos amor. Adviento y Navidad 2022-2023.
_bGuiones litúrgicos Ciclo A
_cCARITAS
260 _aMadrid
_bCARITAS
_c2022
300 _a169 p.,
_c21 cm.
490 0 _aGuiones litúrgicos Ciclo A
650 0 _aLITURGIA
_vGuiones
_xAdviento y Navidad
_9429374
942 _2lcc
_cBK
999 _c904017
_d904017